Statistics for Countries in Europe by capitals

Click here to take the quiz!

General Stats

  • This quiz has been taken 230 times
  • The average score is 39 of 47

Answer Stats

HintAnswers% Correct
ParisFrance
98%
RomeItaly
97%
MoscowRussia
97%
BerlinGermany
96%
BrusselsBelgium
95%
DublinIreland
95%
OsloNorway
95%
MadridSpain
95%
LondonUnited Kingdom
95%
Vatican CityVatican City
95%
CopenhagenDenmark
94%
HelsinkiFinland
94%
AmsterdamNetherlands
94%
San MarinoSan Marino
94%
ReykjavikIceland
93%
LuxembourgLuxembourg
93%
WarsawsPoland
93%
StockholmSweden
93%
AthensGreece
92%
MonacoMonaco
92%
KievUkraine
92%
LisbonPortugal
91%
ViennaAustria
90%
Andorra la VellaAndorra
89%
BudapestHungary
89%
PragueCzech Republic
88%
BernSwitzerland
84%
BucharestRomania
82%
RigaLatvia
81%
SofiaBulgaria
79%
SarajevoBosnia and Herzegovina
78%
TallinnEstonia
78%
MinskBelarus
77%
ZagrebCroatia
77%
VilniusLithuania
77%
AnkaraTurkey
76%
BratislavaSlovakia
74%
BelgradeSerbia
72%
VallettaMalta
69%
LjubljanaSlovenia
68%
TiranaAlbania
66%
ChisinauMoldova
64%
SkopjeMacedonia
63%
PristinaKosovo
61%
NicosiaCyprus
60%
PodgoricaMontenegro
59%
VaduzLiechtenstein
55%

Score Distribution

Percentile by Number Answered

Percent of People with Each Score

Your Score History

You have not taken this quiz